R v Hammersmith and Fulham LBC ex p Burkett (Record no. 71939)

MARC details
000 -LEADER
fixed length control field 01762cam a2200241 4500
001 - CONTROL NUMBER
control field ABS66375
008 - FIXED-LENGTH DATA ELEMENTS--GENERAL INFORMATION
fixed length control field 030120n2003 000 0 eng u
035 ## - SYSTEM CONTROL NUMBER
System control number (Sirsi) u121070
245 ## - TITLE STATEMENT
Title R v Hammersmith and Fulham LBC ex p Burkett
260 ## - PUBLICATION, DISTRIBUTION, ETC.
Date of publication, distribution, etc. 2003
490 ## - SERIES STATEMENT
Series statement Property, Planning and Compensation Reports
Volume/sequential designation [2003] 1 P&CR 20-40(21)
520 ## - SUMMARY, ETC.
Summary, etc. [2002] UKHL 23, 23 May 2002. On 15 September 1999 the defendant planning authority (H) resolved to grant planning permission for a 32 acre mixed-use development adjoining the claimant's (B) house. On 6 April 2000 B submitted an application for permission to apply for a judicial review of that decision, alleging failures in the Environmental Impact Assessment. On 12 May 2000 planning permission was granted. B's application for judicial review was dismissed by the CA ([2001] Env LR 684) on the grounds that it had not been made within the three month time limit, set to run from the date of the resolution. B was granted leave to appeal to HL. "Held": HL allowed appeal on the grounds that the three-month period in which to make an application for judicial review runs from the date that planning permission is granted, not from the date of the resolution. View judgment at www.parliament.uk/.
590 ## - LOCAL NOTE (RLIN)
Local note ABS
650 ## - SUBJECT ADDED ENTRY--TOPICAL TERM
Topical term or geographic name entry element R V HAMMERSMITH AND FULHAM LBC EX P BURKETT
650 ## - SUBJECT ADDED ENTRY--TOPICAL TERM
Topical term or geographic name entry element PLANNING PERMISSION
650 ## - SUBJECT ADDED ENTRY--TOPICAL TERM
Topical term or geographic name entry element TOWN AND COUNTRY PLANNING
650 ## - SUBJECT ADDED ENTRY--TOPICAL TERM
Topical term or geographic name entry element MIXED-USE DEVELOPMENTS
650 ## - SUBJECT ADDED ENTRY--TOPICAL TERM
Topical term or geographic name entry element PLANNING OBJECTIONS
650 ## - SUBJECT ADDED ENTRY--TOPICAL TERM
Topical term or geographic name entry element TIME LIMITS
690 ## - LOCAL SUBJECT ADDED ENTRY--TOPICAL TERM (OCLC, RLIN)
Topical term or geographic name as entry element ENVIRONMENTAL AND LAND CONSULTANCY-PLANNING AND DEVELOPMENT
856 ## - ELECTRONIC LOCATION AND ACCESS
Uniform Resource Identifier <a href="https://www.parliament.the-stationery-office.co.uk/pa/ld200102/ldjudgmt/jd020523/burket-1.htm">https://www.parliament.the-stationery-office.co.uk/pa/ld200102/ldjudgmt/jd020523/burket-1.htm</a>
Public note View the judgment on the House of Lords website.
942 ## - ADDED ENTRY ELEMENTS (KOHA)
Suppress in OPAC 0
Holdings
Withdrawn status Lost status Source of classification or shelving scheme Damaged status Not for loan Home library Current library Shelving location Date acquired Total Checkouts Full call number Barcode Date last seen Copy number Price effective from Koha item type
    Dewey Decimal Classification     London London News article 20/01/2003   ABS66375 121070-1001 06/08/2019 1 06/08/2019 Law report